Un modelo teórico sobre educación pública y distribución del ingreso (Registro nro. 24874)
[ vista simple ]
| 000 -LEADER | |
|---|---|
| fixed length control field | 00353 a2200109 4500 |
| 001 - CONTROL NUMBER | |
| control field | ART_11031 |
| 005 - DATE AND TIME OF LATEST TRANSACTION | |
| control field | 20260410161849.0 |
| 008 - FIXED-LENGTH DATA ELEMENTS--GENERAL INFORMATION | |
| fixed length control field | 260409a |
| 100 1# - MAIN ENTRY--PERSONAL NAME | |
| Personal name | Gasparini, Leonardo C. |
| 245 10 - TITLE STATEMENT | |
| Title | Un modelo teórico sobre educación pública y distribución del ingreso |
| 773 0# - HOST ITEM ENTRY | |
| Title | Económica |
| Related parts | - Año XL, Nº 2 (jun. 1994) |
| Record control number | REV7541 |
No hay ítems disponibles.